000
00370 a2200109 4500
020
_a
9789359621319
100
_a
Nandini Menon
245
_a
Bhutan : visudha bhranthante vazhi thaarakal (ഭൂട്ടാൻ : വിശുദ്ധ ഭ്രാന്തിൻറെ വഴിത്താരകൾ)
250
_a
2nd
260
_b
Mathrubhumi books
_c
2025
942
_c
OO
999
_c
115738
_d
115737